Principles of Management For The Hospitality Industry (Record no. 54049)

000 -LEADER
fixed length control field 00376nam a2200145Ia 4500
008 - FIXED-LENGTH DATA ELEMENTS--GENERAL INFORMATION
fixed length control field 260407s9999 xx 000 0 und d
020 ## - INTERNATIONAL STANDARD BOOK NUMBER
International Standard Book Number 9.781856178e+012
082 ## - DEWEY DECIMAL CLASSIFICATION NUMBER
Classification number 647.94068
Item number TES/P
100 ## - MAIN ENTRY--PERSONAL NAME
Personal name Tesone, Dana
245 #0 - TITLE STATEMENT
Title Principles of Management For The Hospitality Industry
250 ## - EDITION STATEMENT
Edition statement 1st
260 ## - PUBLICATION, DISTRIBUTION, ETC.
Place of publication, distribution, etc. New York
Name of publisher, distributor, etc. Routledge
Date of publication, distribution, etc. 2013
300 ## - PHYSICAL DESCRIPTION
Extent 405p.
942 ## - ADDED ENTRY ELEMENTS (KOHA)
Koha item type Book
Holdings
Withdrawn status Lost status Damaged status Not for loan Collection code Permanent Location Current Location Date acquired Cost, normal purchase price Full call number Barcode Date last seen Price effective from Koha item type
        School of Management (Noida) MUIT-NOIDA MUIT-NOIDA 2026-04-07 1350.00 647.94068 TES/P MUNSOM1125 2026-04-07 2026-04-07 Book

All Rights Reserved@MUIT

Powered by Koha